000
00202 a2200097 4500
001
8992
100
_a
Clarke R
245
_a
Successful Athletics
260
_a
_b
Pelhan B books
_c
090
_c
7179
_d
7179
942
_a
NUST-CAE
_c
M
_c
33799
999
_c
244065
_d
244065